La Descoberta de l'infant / Maria Montessori ; traducció d'Andreu Roca ; pròlegs de Maria A. Canals i Jordi Cots
Descripción Física:
LVIII, 380 p. : il. ; 20 cm
Colección:
Textos pedagògics ; 1
MARC
| LEADER | 00000nam a2200000Ia 4500 | ||
|---|---|---|---|
| 001 | 1612 | ||
| 008 | 160829s1984 xx 000 0 cat d | ||
| 080 | |a E-1-120 | ||
| 100 | |a Montessori, María |9 33437 | ||
| 245 | |a La Descoberta de l'infant / Maria Montessori ; traducció d'Andreu Roca ; pròlegs de Maria A. Canals i Jordi Cots | ||
| 260 | |a Vic : |b Eumo ; Barcelona : |b Diputació de Barcelona, |c 1984 | ||
| 300 | |a LVIII, 380 p. : |b il. ; |c 20 cm | ||
| 490 | |a Textos pedagògics ; 1 | ||
| 650 | |a Educació |9 25969 | ||
| 650 | |a Montessori, Mètode de |9 48005 | ||
| 700 | |a Roca, Andreu, tr. |9 22874 | ||
| 700 | |a Canals, Maria A., pr. |9 33439 | ||
| 700 | |a Cots, Jordi, pr. I |9 33440 | ||
| 710 | 1 | |a Barcelona (Catalunya : Província). |b Diputació |9 52408 | |
| 901 | |a Arxiu | ||
| 942 | |n 1 | ||
| 952 | |0 0 |1 0 |4 0 |6 E1120 |7 1 |9 46296 |a Arxiu |b Arxiu |d 2016-12-01 |l 0 |o E-1-120 |p 1612 |r 2016-12-01 00:00:00 |w 2016-12-01 |y ARXIU | ||
| 999 | |c 49803 |d 49803 | ||